Welcome to WEB OPAC of MRSPTU Central Library

Principles of communication system (Record no. 1762)

MARC details
000 -LEADER
fixed length control field 00439nam a2200169Ia 4500
008 - FIXED-LENGTH DATA ELEMENTS--GENERAL INFORMATION
fixed length control field 230711s9999||||xx |||||||||||||| ||und||
041 ## - LANGUAGE CODE
Language code of text/sound track or separate title ENG
082 ## - DEWEY DECIMAL CLASSIFICATION NUMBER
Classification number 621.382
Item number TA-C
100 ## - MAIN ENTRY--PERSONAL NAME
Personal name Taub,Herbert
245 #0 - TITLE STATEMENT
Title Principles of communication system
250 ## - EDITION STATEMENT
Edition statement 2nd . Ed.
260 ## - PUBLICATION, DISTRIBUTION, ETC.
Date of publication, distribution, etc. 2003
Place of publication, distribution, etc. New Delhi
Name of publisher, distributor, etc. Tata McGraw Hill Education Limited
300 ## - PHYSICAL DESCRIPTION
Extent 759
650 ## - SUBJECT ADDED ENTRY--TOPICAL TERM
Topical term or geographic name entry element Electronics Engineering
700 ## - ADDED ENTRY--PERSONAL NAME
Personal name Schilling,D.L
942 ## - ADDED ENTRY ELEMENTS (KOHA)
Koha item type Book
Holdings
Withdrawn status Lost status Damaged status Not for loan Collection Home library Current library Date acquired Total checkouts Full call number Barcode Date last seen Price effective from Koha item type Date last checked out
          MRSPTU Central Library MRSPTU Central Library     621.382 TA-C 8200 08/17/2023 08/17/2023 Book  
          MRSPTU Central Library MRSPTU Central Library     621.382 TA-C 9221 08/17/2023 08/17/2023 Book  
          MRSPTU Central Library MRSPTU Central Library     621.382 TA-C 14015 08/17/2023 08/17/2023 Book  
          MRSPTU Central Library MRSPTU Central Library     621.382 TA-C 14016 08/17/2023 08/17/2023 Book  
          MRSPTU Central Library MRSPTU Central Library     621.382 TA-C 14017 08/17/2023 08/17/2023 Book  
          MRSPTU Central Library MRSPTU Central Library   2 621.382 TA-C 14018 06/04/2025 08/17/2023 Book 04/09/2025
          MRSPTU Central Library MRSPTU Central Library     621.382 TA-C 14019 08/17/2023 08/17/2023 Book  
          MRSPTU Central Library MRSPTU Central Library     621.382 TA-C 14020 08/17/2023 08/17/2023 Book  
          MRSPTU Central Library MRSPTU Central Library     621.382 TA-C 14021 08/17/2023 08/17/2023 Book  
          MRSPTU Central Library MRSPTU Central Library     621.382 TA-C 14022 08/17/2023 08/17/2023 Book  
          MRSPTU Central Library MRSPTU Central Library     621.382 TA-C 14023 08/17/2023 08/17/2023 Book  
          MRSPTU Central Library MRSPTU Central Library     621.382 TA-C 14024 08/17/2023 08/17/2023 Book  
          MRSPTU Central Library MRSPTU Central Library     621.382 TA-P 16350 08/17/2023 08/17/2023 Book  
          MRSPTU Central Library MRSPTU Central Library     621.382 TA-P 16351 08/17/2023 08/17/2023 Book  
          MRSPTU Central Library MRSPTU Central Library     621.382 TA-P 16352 08/17/2023 08/17/2023 Book  
          MRSPTU Central Library MRSPTU Central Library     621.382 TA-P 16353 08/17/2023 08/17/2023 Book  
          MRSPTU Central Library MRSPTU Central Library     621.382 TA-P 16354 08/17/2023 08/17/2023 Book  

Website Designed and Developed by MRSPTU Central Library Team

E-mail Id: librarian@mrsptu.ac.in